Κατάλογος Βιβλιοθηκών Mediterranean College

Σήματα Συστήματα και Αλγόριθμοι / 1-D/ 2-D Σήματα και Συστήματα - RLC Κυκλώματα - Νευρωνικά Δίκτυα - Ψηφιακά Φίλτρα, Παράλληλοι Αλγόριθμοι - Συστήματα Ελέγχου (Record no. 5178)

MARC details
000 -LEADER
fixed length control field 01166cam a22001934a 4500
005 - ΗΜΕΡΟΜΗΝΙΑ ΚΑΙ ΩΡΑ ΤΕΛΕΥΤΑΙΑΣ ΕΝΗΜΕΡΩΣΗΣ
Πεδίο ελέγχου 20250605164206.0
008 - FIXED-LENGTH DATA ELEMENTS--GENERAL INFORMATION
Πεδίο ελέγχου σταθερού μήκους 250528s ||||||||||||||||||||||||d
035 ## - SYSTEM CONTROL NUMBER
System control number 19939
020 ## - ISBN
ISBN 9607140400
040 ## - ΠΗΓΗ ΚΑΤΑΛΟΓΟΓΡΑΦΗΣΗΣ
Φορέας πρωτότυπης καταλογογράφησης MC Athens Campus Library
Γλώσσα καταλογογράφησης Ελληνικά, Μοντέρνα (1453-)
Modifying agency MC Athens Campus Library
Κανόνες περιγραφικής καταλογογράφησης AACR2
245 1# - ΤΙΤΛΟΣ ΚΑΙ ΔΗΛΩΣΗ ΥΠΕΥΘΥΝΟΤΗΤΑΣ
Τίτλος Σήματα Συστήματα και Αλγόριθμοι / 1-D/ 2-D Σήματα και Συστήματα - RLC Κυκλώματα - Νευρωνικά Δίκτυα - Ψηφιακά Φίλτρα, Παράλληλοι Αλγόριθμοι - Συστήματα Ελέγχου
260 ## - PUBLICATION, DISTRIBUTION, ETC.
Name of publisher, distributor, etc. Δίαυλος,
Date of publication, distribution, etc. 1994
300 ## - PHYSICAL DESCRIPTION
Extent 792
520 ## - SUMMARY, ETC.
Summary, etc. Το βιβλίο αυτό καλύπτει βασικά θέματα σημάτων, συστημάτων και αλγορίθμων. Εισαγωγή, Σήματα, Συστήματα, Πεπερασμένες Αναδρομικές Αναπαραστάσεις, Μετασχηματισμοί Σημάτων, Μετασχηματισμοί Συστημάτων και Εφαρμογές, Βιβλιογραφία, Ευρετήριο.
700 1# - ΠΡΟΣΘΕΤΗ ΑΝΑΓΡΑΦΗ--ΦΥΣΙΚΟ ΠΡΟΣΩΠΟ
Personal name Καλουπτσίδης Νίκος
9 (RLIN) 6093
942 ## - ADDED ENTRY ELEMENTS (KOHA)
Koha item type Books
Holdings
Τύπος τεκμηρίου Βιβλιοθήκη Τρέχουσα τοποθεσία Barcode Αριθμός εισαγωγής Ημερομηνία απόκτησης Ταξιθετικό σύμβολο Αριθμός αντιτύπου Κατάσταση απόσυρσης Κατάσταση χαμένου Κατάσταση κατεστραμμένου Μη δανεισμός Σύνολο δανεισμών Ημερομηνία τελευταίας εμφάνισης Η τιμή ισχύει από
Books MC Athens Campus Library MC Athens Campus Library 9780000051776 6146 05/06/2025 621.3822 ΚΑL 1           05/06/2025 05/06/2025

MC Athens Campus Library
Πατησίων 94 & Κοδριγκτώνος 13, 104 34
Πελλήνης 8 & Πατησίων 107, 112 51
Τ: +30 210 8899600

MC Thessaloniki Campus Library
Ίωνος Δραγούμη 21, 54625 | Ίωνος Δραγούμη 15, 54625
Τ: +30 2310 287779 – Τ: +30 2314 440300